[Event "AUTO-INT-2959"]
[Site "http://www.queenalice.com/game.php?id=1342101"]
[Date "2015.2.17"]
[Round "1"]
[White "botafoguense"]
[Black "silvanorsdf"]
[Result "0-1"]
[WhiteElo "1628"]
[BlackElo "1497"]

1. d4 Nf6 2. f3 d5 3. Nd2 c5 4. Nb3 Nbd7 5. c3 g6 6. dxc5 Bg7 7. Be3 e5 8. Qd2
O-O 9. O-O-O Qc7 10. Bg5 a5 11. Bxf6 Bxf6 12. Qxd5 a4 13. Na1 Nxc5 14. Qc4 Be6
15. Qb4 Rfd8 16. Rxd8+ Rxd8 17. e3 Qd6 18. Be2 Qd2+ 19. Kb1 Qe1+ 20. Kc2 Rd2#
0-1

[Event "AUTO-INT-2959"]
[Site "http://www.queenalice.com/game.php?id=1342102"]
[Date "2015.2.17"]
[Round "1"]
[White "silvanorsdf"]
[Black "botafoguense"]
[Result "1-0"]
[WhiteElo "1639"]
[BlackElo "1659"]

1. e4 d6 2. Nf3 f6 3. d4 a6 4. Bc4 Bd7 5. O-O Bb5 6. Qd3 Qd7 7. Nc3 e6 8. Be3 c6
9. Ne2 d5 10. Bxb5 axb5 11. exd5 Qxd5 12. Nf4 Qd6 13. c4 Ne7 14. cxb5 c5 15.
dxc5 Qxd3 16. Nxd3 Nd5 17. Rfe1 Nc7 18. a4 Nd7 19. b4 Nd5 20. Bd2 Kf7 21. Nd4 e5
22. Nf5 g6 23. Ne3 Nxe3 24. Bxe3 Bg7 25. c6 bxc6 26. bxc6 Nb8 27. b5 e4 28. Nc5
f5 29. Ra2 Re8 30. c7 Be5 31. cxb8=Q Raxb8 32. Nd7 Rb7 33. Nxe5+ Rxe5 34. b6 Ke6
35. a5 g5 36. a6 Rd7 37. a7 Rd8 38. a8=Q Rxa8 39. Rxa8 f4 40. b7 Rb5 41. b8=Q
Rxb8 42. Rxb8 fxe3 43. Rxe3 Kf5 44. Re8 h5 45. R3xe4 g4 46. f3 gxf3 47. gxf3 Kf6
48. Rf8+ Kg7 49. Rff4 Kg6 50. h4 Kg7 51. Re6 Kh7 52. Rf7+ Kg8 53. Ra7 1-0

[Event "AUTO-INT-2959"]
[Site "http://www.queenalice.com/game.php?id=1342119"]
[Date "2015.2.17"]
[Round "1"]
[White "silvanorsdf"]
[Black "mitchelli3131"]
[Result "1-0"]
[WhiteElo "1518"]
[BlackElo "1495"]

1. e4 e5 2. Nf3 Nc6 3. Bb5 Nb4 4. a3 Nc6 5. O-O a6 6. Ba4 Bc5 7. c3 Qf6 8. d4
exd4 9. Bg5 Qg6 10. Re1 f6 11. Bf4 Nge7 12. Bb3 dxc3 13. Nxc3 Qg4 14. Bxc7 f5
15. exf5 Kf8 16. Ne4 Nxf5 17. Bd6+ Bxd6 18. Nxd6 b5 19. Re8# 1-0

[Event "AUTO-INT-2959"]
[Site "http://www.queenalice.com/game.php?id=1342120"]
[Date "2015.2.17"]
[Round "1"]
[White "mitchelli3131"]
[Black "silvanorsdf"]
[Result "0-1"]
[WhiteElo "1523"]
[BlackElo "1656"]

1. e4 d6 2. Bb5+ Nd7 3. Nf3 c6 4. Bd3 Ngf6 5. Nc3 g6 6. b3 Bg7 7. Bc4 b5 8. Bd3
O-O 9. Ng5 Nc5 10. b4 Na6 11. O-O Nxb4 12. Qf3 Bd7 13. a3 Na6 14. a4 b4 15. Bxa6
bxc3 16. dxc3 Rb8 17. Bc4 d5 18. exd5 cxd5 19. Bb3 e6 20. a5 Qc7 21. Ba4 Qc4 22.
Bxd7 Nxd7 23. g3 Bxc3 24. Ra3 Bg7 25. Rc3 Bxc3 26. Ba3 Bb4 27. Rb1 Bxa3 28. Rxb8
Nxb8 29. Qxa3 Qxc2 30. Qe7 Nc6 31. Qc7 Qc1+ 32. Kg2 Qxg5 33. Qxc6 h5 34. h4 Qe7
35. a6 d4 36. f3 d3 37. Kf2 Qb4 38. Qd7 Qd2+ 39. Kg1 Qe1+ 40. Kg2 Qe2+ 41. Kh3
d2 42. Qxa7 d1=Q 43. Qb7 Qdf1# 0-1

[Event "AUTO-INT-2959"]
[Site "http://www.queenalice.com/game.php?id=1342121"]
[Date "2015.2.17"]
[Round "1"]
[White "silvanorsdf"]
[Black "pssservicos"]
[Result "1-0"]
[WhiteElo "1533"]
[BlackElo "1611"]

1. e4 e5 2. Nf3 Nc6 3. Bb5 Nf6 4. O-O Nxe4 5. Re1 Nd6 6. Nxe5 Nxe5 7. Rxe5+ Be7
8. Qe2 c6 9. Ba4 f6 10. Re3 O-O 11. Rxe7 Nf5 12. Re3 Nxe3 13. dxe3 b5 14. Bb3+
Kh8 15. Nd2 d5 16. c3 Ba6 17. Nf3 g5 18. Nd4 Qc8 19. Qh5 c5 20. Bc2 Qc7 21. Ne6
Qf7 22. Qxf7 Rxf7 23. Nxc5 Bc8 24. e4 dxe4 25. Bxe4 Rb8 26. Be3 f5 27. Bd4+ Kg8
28. Bd5 g4 29. Re1 Bb7 30. Bxf7+ Kxf7 31. Be5 Re8 32. Nxb7 Kg6 33. Nc5 Kg5 34.
Nd3 h5 35. Bf4+ Kh4 36. Rxe8 a5 37. Rg8 b4 38. Bg5# 1-0

[Event "AUTO-INT-2959"]
[Site "http://www.queenalice.com/game.php?id=1342122"]
[Date "2015.2.17"]
[Round "1"]
[White "pssservicos"]
[Black "silvanorsdf"]
[Result "0-1"]
[WhiteElo "1617"]
[BlackElo "1597"]

1. e4 e5 2. Nf3 Nc6 3. Bb5 a6 4. Bxc6 dxc6 5. Nxe5 Qd4 6. Nf3 Qxe4+ 7. Qe2 Qxe2+
8. Kxe2 Bg4 9. h3 Bh5 10. g4 Bg6 11. d3 O-O-O 12. Nc3 f5 13. Bg5 Re8+ 14. Kd2
Bc5 15. d4 Bb4 16. gxf5 Bxf5 17. Ne5 Ne7 18. Bxe7 Rxe7 19. a3 Bc5 20. dxc5 Rxe5
21. b4 Rd8+ 22. Kc1 Rf8 23. f4 Re3 24. Nd1 Re2 25. Ra2 Rd8 26. Nc3 Rf2 27. a4
Rxf4 28. b5 Rf3 29. Ne2 Re8 30. Nd4 Rxh3 31. Rxh3 Bxh3 32. bxc6 Bg2 33. cxb7+
Kxb7 34. c6+ Ka7 35. Rb2 Rb8 36. Ra2 h5 37. c4 Be4 38. Ne6 g6 39. Nc5 Bxc6 40.
Re2 Re8 41. Rf2 Kb6 42. Nd3 Rd8 43. Ne5 Rd6 44. Nf7 Re6 45. Nd8 Rd6 46. Rb2+ Ka7
47. Nf7 Rf6 48. Ne5 Bxa4 49. Rb4 Be8 50. c5 Bc6 51. Kb2 g5 52. Nc4 h4 53. Na5 h3
54. Ka3 h2 55. Rb1 h1=Q 56. Rxh1 Bxh1 57. Nc4 Rf3+ 58. Ka4 g4 59. Ne5 Rf4+ 60.
Ka5 g3 61. Nd3 g2 62. Nxf4 g1=Q 63. Ne6 Bd5 64. Nxc7 Qxc5+ 0-1

[Event "Challenge"]
[Site "http://www.queenalice.com/game.php?id=1350384"]
[Date "2015.3.28"]
[Round "-"]
[White "ledeon"]
[Black "silvanorsdf"]
[Result "0-1"]
[WhiteElo "1613"]
[BlackElo "1552"]

1. d4 Nf6 2. c4 g6 3. Nc3 Bg7 4. e4 d6 5. f4 O-O 6. Nf3 c5 7. d5 Na6 8. Be2 Bd7
9. O-O Nc7 10. Kh1 a6 11. Be3 b5 12. cxb5 axb5 13. Bf2 b4 14. Nb1 Nxe4 15. Nbd2
Nxf2+ 16. Rxf2 Nxd5 17. Bc4 Ne3 18. Qb3 Nxc4 19. Nxc4 Be6 20. Qd3 Bxc4 0-1

[Event "Challenge"]
[Site "http://www.queenalice.com/game.php?id=1351906"]
[Date "2015.4.5"]
[Round "-"]
[White "silvanorsdf"]
[Black "ledeon"]
[Result "1-0"]
[WhiteElo "1614"]
[BlackElo "1851"]

1. e4 e6 2. Nf3 d5 3. e5 c5 4. d4 Nc6 5. c4 cxd4 6. Bf4 Bc5 7. Nbd2 Nge7 8. a3
Ng6 9. Bg3 O-O 10. Bd3 f6 11. Qe2 fxe5 12. Nxe5 Ncxe5 13. Bxe5 Nxe5 14. Qxe5 Qf6
15. Nf3 dxc4 16. Bxc4 Bd7 17. O-O Rac8 18. Rad1 Bb6 19. b3 Rc5 20. Qxd4 Bc6 21.
Qxf6 Rxf6 22. Nd4 Bd5 23. Bd3 Rc3 24. Be2 Bxd4 25. Rxd4 Rxb3 26. a4 Rg6 27. g3
Rg5 28. Rc1 Bc6 29. Bc4 Rd5 30. Bxd5 Bxd5 31. h4 Bc6 32. h5 h6 33. g4 Ra3 34.
Kh2 Bxa4 35. Rc8+ Kh7 36. Rdd8 1-0

[Event "OS INCLIVEIS"]
[Site "http://www.queenalice.com/game.php?id=1362679"]
[Date "2015.5.31"]
[Round "-"]
[White "adelio"]
[Black "silvanorsdf"]
[Result "0-1"]
[WhiteElo "1808"]
[BlackElo "1667"]

1. d4 Nf6 2. c4 g6 3. Nc3 Bg7 4. e4 d6 5. Be2 O-O 6. h4 h5 7. Bg5 c5 8. Bxf6
Bxf6 9. Nf3 cxd4 10. Nd5 Bg7 11. Ng5 Nd7 12. Bxh5 Nf6 13. Nxf6+ exf6 14. Nxf7
Kxf7 15. Bxg6+ Kxg6 16. g4 Qa5+ 17. Kf1 Be6 18. Qe2 Rac8 19. b3 Kf7 20. h5 Bh6
21. Rd1 Qe5 22. Qf3 Rg8 23. Rd3 Bxg4 24. Qxg4 Rxg4 25. f3 Rg3 26. Ke2 Rg2+ 27.
Ke1 Qg3+ 28. Kd1 Qf4 29. Ke1 Qc1+ 30. Rd1 Qe3+ 31. Kf1 Qf2# 0-1

[Event "OS INCLIVEIS"]
[Site "http://www.queenalice.com/game.php?id=1362680"]
[Date "2015.5.31"]
[Round "-"]
[White "silvanorsdf"]
[Black "adelio"]
[Result "1-0"]
[WhiteElo "1670"]
[BlackElo "1693"]

1. e4 a6 2. d4 c5 3. c3 e6 4. Nf3 Be7 5. Bd3 Nc6 6. O-O d6 7. Be3 e5 8. Nbd2 h5
9. Re1 h4 10. h3 g5 11. dxe5 g4 12. Nh2 gxh3 13. g4 hxg3 14. fxg3 Nxe5 15. Be2
Nf6 16. Bf4 c4 17. Bxc4 Nxc4 18. Nxc4 Qc7 19. Nxd6+ Kf8 20. Qd4 Rg8 21. Kf2 Ng4+
22. Kg1 Be6 23. Nf5 Bc5 24. Bxc7 Bxd4+ 25. Nxd4 Nxh2 26. Kxh2 Bg4 27. Rf1 Re8
28. Rf2 Rxe4 29. Raf1 Re7 30. Bd6 Ke8 31. Bxe7 Kxe7 32. Rxf7+ Ke8 33. Rxb7 Bd7
34. Rb8+ Ke7 35. Rxg8 Kd6 36. Ra8 Bb5 37. Rf6+ Ke5 38. Re6+ Kd5 39. Rd8+ Kc4 40.
Nxb5 Kxb5 41. b3 1-0

[Event "AUTO-ADV-3540"]
[Site "http://www.queenalice.com/game.php?id=1396365"]
[Date "2015.11.28"]
[Round "1"]
[White "rodrigoma"]
[Black "silvanorsdf"]
[Result "1-0"]
[WhiteElo "1949"]
[BlackElo "1745"]

1. e4 e5 2. Nf3 Nc6 3. Bb5 a6 4. Ba4 Nf6 5. O-O Be7 6. Re1 O-O 7. c3 d6 8. h3 h6
9. d4 Nd7 10. Be3 Kh8 11. Bc2 Nb6 12. b3 Qe8 13. a4 a5 14. d5 Nd8 15. c4 f5 16.
exf5 Bxf5 17. Nh2 c6 18. Bxb6 Qg6 19. Bxf5 Qxf5 20. Qg4 Qd3 21. Be3 Nf7 22. Nd2
cxd5 23. cxd5 Qxd5 24. Nc4 b5 25. Nb6 Qxb3 26. Nf3 Rad8 27. Nh4 Bxh4 28. Qxh4 b4
29. Nc4 d5 30. Nxa5 Qc3 31. Rec1 Qd3 32. Qxb4 d4 33. Rd1 Qf5 34. Nc6 Ra8 35. Bc1
Qe4 36. Ne7 Rab8 37. Qe1 Qh7 38. Ba3 Rfe8 39. f3 Qc2 40. Nd5 Ng5 41. h4 Nf7 42.
a5 e4 43. Rdc1 Qb3 44. fxe4 Ne5 45. Nf4 g5 46. Rcb1 Qf7 47. Rxb8 Rxb8 48. Bd6
Rd8 49. Bxe5+ 1-0

[Event "AUTO-ADV-3540"]
[Site "http://www.queenalice.com/game.php?id=1396366"]
[Date "2015.11.28"]
[Round "1"]
[White "silvanorsdf"]
[Black "rodrigoma"]
[Result "0-1"]
[WhiteElo "1673"]
[BlackElo "1985"]

1. e4 c5 2. Nf3 d6 3. Nc3 Nf6 4. Be2 e5 5. O-O Be7 6. Re1 O-O 7. d3 Nc6 8. Nb5
a6 9. Na3 b5 10. c3 Ne8 11. d4 c4 12. Nc2 Nf6 13. Nd2 exd4 14. cxd4 d5 15. e5
Ne4 16. f3 Nxd2 17. Bxd2 Bf5 18. Be3 Bg6 19. f4 Bf5 0-1

[Event "AUTO-ADV-3540"]
[Site "http://www.queenalice.com/game.php?id=1396377"]
[Date "2015.11.28"]
[Round "1"]
[White "daddyrat"]
[Black "silvanorsdf"]
[Result "0-1"]
[WhiteElo "1771"]
[BlackElo "1691"]

1. e4 e5 2. Nf3 Nc6 3. d4 d6 4. h3 a6 5. Qd2 Nf6 6. Nc3 Be7 7. Nd5 Nxe4 8. Qe3
Nf6 9. Nxe7 Qxe7 10. dxe5 Nxe5 11. Nxe5 dxe5 12. Bd2 Bf5 13. Bd3 Bxd3 14. cxd3
O-O-O 15. Qa7 Nd7 16. O-O Nb8 17. Qe3 Nc6 18. a3 Rd5 19. Bc3 Rhd8 20. Rfe1 Rxd3
21. Qe4 f6 22. Qxh7 R3d7 23. Qf5 Kb8 24. b4 Nd4 25. Qg4 Nc2 26. Rad1 Nxe1 27.
Rxe1 Rd3 28. Bb2 Rd2 29. Bc1 R2d4 30. Qe2 Qd7 31. Kh2 Rd1 32. Rxd1 Qxd1 33. Qxd1
Rxd1 34. Bb2 Rd2 35. Bc3 Rxf2 36. a4 a5 37. bxa5 Ra2 38. Bb4 g6 39. Kg3 Rxa4 40.
Be7 f5 41. Bg5 Rxa5 42. Bf6 e4 43. Kf4 Ra3 44. Kg5 Rg3+ 45. Kf4 Rxg2 46. h4 b5
47. Ke5 b4 48. Kd4 b3 0-1

[Event "AUTO-ADV-3540"]
[Site "http://www.queenalice.com/game.php?id=1396378"]
[Date "2015.11.28"]
[Round "1"]
[White "silvanorsdf"]
[Black "daddyrat"]
[Result "1-0"]
[WhiteElo "1669"]
[BlackElo "1825"]

1. e4 e5 2. Nf3 Nc6 3. Bb5 d6 4. O-O a6 5. Bxc6+ bxc6 6. h3 Nf6 7. Re1 h6 8. c3
g5 9. d4 Be6 10. dxe5 dxe5 11. Nbd2 Bc5 12. Nxe5 Qd6 13. Nef3 Qd7 14. Qc2 g4 15.
Ne5 Qd6 16. Ndc4 Bxc4 17. Nxc4 Qe6 18. e5 Nh5 19. hxg4 Qxg4 20. Re4 Qg6 21. Be3
Bxe3 22. Nxe3 Rg8 23. Qa4 Kf8 24. Qb4+ Ke8 25. Rg4 Qh7 26. Rxg8+ Qxg8 27. Qb7
Rd8 28. Qxc6+ Kf8 29. Qxh6+ Ng7 30. Nf5 Re8 31. Rd1 Rxe5 32. Rd8+ Re8 33. Rxe8+
Kxe8 34. Nxg7+ Kd8 35. Qh4+ Kc8 36. Qg4+ Kd8 37. Ne6+ 1-0

[Event "AUTO-ADV-3540"]
[Site "http://www.queenalice.com/game.php?id=1396385"]
[Date "2015.11.28"]
[Round "1"]
[White "silvanorsdf"]
[Black "luiz_gustavo"]
[Result "1-0"]
[WhiteElo "1710"]
[BlackElo "1808"]

1. e4 e5 2. Nf3 Nc6 3. Bb5 a6 4. Bxc6 dxc6 5. O-O Nf6 6. c3 Bc5 7. d4 exd4 8.
cxd4 Ba7 9. Bg5 h6 10. Bxf6 Qxf6 11. Qd3 b5 12. Rd1 O-O 13. Na3 Bg4 14. h3 Bxf3
15. gxf3 Rad8 16. Nc2 Rd7 17. Rd2 c5 18. e5 Qg5+ 19. Kh1 c4 20. Qe3 Qxe3 21.
fxe3 c5 22. d5 b4 23. e4 Rb8 24. f4 a5 25. f5 Rb6 26. e6 fxe6 27. fxe6 Re7 28.
e5 Bb8 29. Re2 b3 30. axb3 Rxb3 31. Ne1 Rxh3+ 32. Kg2 Rh5 33. Nf3 Rf5 34. Rxa5
g5 35. Ra8 Rf8 36. Re4 Ra7 37. Rxa7 Bxa7 38. d6 Rf4 39. d7 Bb6 40. e7 1-0

[Event "AUTO-ADV-3540"]
[Site "http://www.queenalice.com/game.php?id=1396386"]
[Date "2015.11.28"]
[Round "1"]
[White "luiz_gustavo"]
[Black "silvanorsdf"]
[Result "0-1"]
[WhiteElo "1717"]
[BlackElo "1730"]

1. e4 e5 2. Nf3 Nc6 3. Bb5 a6 4. Ba4 Nf6 5. Nc3 Be7 6. d3 d6 7. Bg5 O-O 8. h3
Be6 9. O-O b5 10. Bb3 Qd7 11. Bxe6 fxe6 12. Qe2 Rae8 13. Rad1 h6 14. Bh4 Nd4 15.
Nxd4 exd4 16. Nb1 e5 17. Nd2 c5 18. c3 d5 19. Bxf6 Bxf6 20. cxd4 exd4 21. f3 a5
22. Nb3 c4 23. dxc4 bxc4 24. Nxd4 Qa7 25. Qf2 dxe4 26. Nb5 Qxf2+ 27. Rxf2 e3 28.
Re2 Bh4 29. Rd4 Bf2+ 30. Kf1 Rd8 31. g4 g5 32. Rxc4 Rd1+ 33. Kg2 Rg1+ 34. Kh2
Rxf3 35. Nd4 Rfg3 36. h4 R3g2+ 37. Kh3 Rxg4 38. Rc8+ Kf7 39. Rc7+ Ke8 40. Nf5 h5
41. Ng7+ Kd8 42. Ne6+ Ke8 43. Ng7+ Kf8 44. Ne6+ Kg8 45. Rc8+ Kf7 46. Nxg5+ Ke7
47. Rc7+ Kd6 0-1

[Event "Challenge"]
[Site "http://www.queenalice.com/game.php?id=1410218"]
[Date "2016.2.20"]
[Round "-"]
[White "StenioVS"]
[Black "silvanorsdf"]
[Result "1-0"]
[WhiteElo "2333"]
[BlackElo "1742"]

1. d4 Nf6 2. c4 g6 3. Nc3 Bg7 4. e4 d6 5. f4 O-O 6. Nf3 c5 7. d5 Na6 8. Bd3 Nc7
9. O-O a6 10. a4 b6 11. h3 Rb8 12. Re1 Bd7 13. e5 Nfe8 14. Qc2 b5 15. axb5 axb5
16. Be3 bxc4 17. Bxc4 Bb5 18. Nxb5 Nxb5 19. Ra4 Nec7 20. Rea1 Rb7 21. h4 Qb8 22.
R1a2 Ra7 23. h5 Qb7 24. exd6 exd6 25. f5 Rxa4 26. Rxa4 Ra8 27. fxg6 fxg6 28.
hxg6 h6 29. Rxa8+ Qxa8 30. Qd2 Qa1+ 31. Kh2 Qxb2 32. Qxb2 Bxb2 33. Bxh6 Na3 34.
Bd3 c4 35. Bf5 Nab5 36. Be6+ Nxe6 37. dxe6 Bf6 38. Kh3 Nc7 39. Kg4 d5 40. Kf5
Bb2 41. e7 Bg7 42. Bf4 Ne8 43. Ke6 Bf6 44. Bh6 c3 45. Kd7 Bxe7 46. Kxe7 Ng7 47.
Kf6 Ne8+ 48. Ke5 Nc7 49. Kd6 Ne8+ 50. Kxd5 Nf6+ 51. Kd4 Ng4 52. Bg5 Kg7 53. Kxc3
Kxg6 54. Kd3 Kf5 55. Be3 Nf6 56. Nh2 Ng8 57. Bd2 Nf6 58. Ke3 Kg5 59. Kf3+ Kf5
60. g4+ Kg6 61. g5 Nd7 62. Kf4 Nc5 63. Nf3 Ne6+ 64. Kg4 Ng7 65. Ne5+ 1-0

[Event "Challenge"]
[Site "http://www.queenalice.com/game.php?id=1410219"]
[Date "2016.2.20"]
[Round "-"]
[White "silvanorsdf"]
[Black "StenioVS"]
[Result "0-1"]
[WhiteElo "1740"]
[BlackElo "2343"]

1. e4 e5 2. Nf3 Nc6 3. Bb5 a6 4. Ba4 Nf6 5. O-O Be7 6. Re1 b5 7. Bb3 d6 8. c3
O-O 9. d4 Bg4 10. Qd3 exd4 11. cxd4 Bxf3 12. gxf3 Qd7 13. Nc3 Qh3 14. Bf4 Na5
15. Bc2 Nc4 16. b3 Na3 17. Bd1 b4 18. Ne2 Nh5 19. Bc1 c5 20. Nf4 Nxf4 21. Bxf4
cxd4 22. Kh1 Nb5 23. Rg1 Bf6 24. Bc2 g6 25. Rg3 Qe6 26. Bh6 Rfc8 27. Re1 Rc3 28.
Qd2 Rac8 29. Bd3 R8c5 30. Bc4 Qe5 31. Qe2 Na3 32. Bxa6 Rc2 33. Qf1 Rd2 34. Bxd2
Bh4 35. Rg4 Be7 36. Bxb4 Nc2 37. Bxc5 Nxe1 38. Qxe1 dxc5 39. Bc4 Kg7 40. Qd2 Bd6
41. Rh4 h5 42. Qe1 Kh6 43. Qg1 g5 44. Bxf7 Kg7 45. Bd5 Qf6 46. Rh3 Bc7 47. a4
Be5 48. a5 Kg6 49. Bc4 Bb8 50. a6 Ba7 51. Qg3 Qe7 52. Qg2 Bb8 53. Bd3 Qe5 54.
Qg3 Qe8 0-1

[Event "Challenge"]
[Site "http://www.queenalice.com/game.php?id=1411132"]
[Date "2016.2.25"]
[Round "-"]
[White "edemarc"]
[Black "silvanorsdf"]
[Result "0-1"]
[WhiteElo "1463"]
[BlackElo "1737"]

1. e4 e5 2. Nf3 Nc6 3. c3 Nf6 4. d3 Be7 5. Bg5 O-O 6. Nh4 d5 7. Qf3 Be6 8. Qg3
h6 9. Be3 Nxe4 10. dxe4 Bxh4 11. Qf3 f5 12. exf5 Bxf5 13. Nd2 Qd7 14. Qe2 d4 15.
cxd4 exd4 16. O-O-O dxe3 17. fxe3 Nb4 18. Qc4+ Be6 19. Qxb4 Bf2 20. Qc3 Rad8 21.
Be2 Qe7 22. Rhf1 c6 23. Ne4 Bh4 24. g3 Bf6 25. Qa5 b6 26. Qh5 Bxb2+ 27. Kb1
Rxd1+ 28. Rxd1 Qa3 29. Nf6+ Rxf6 30. Qe8+ Kh7 31. Bd3+ Bf5 32. e4 Bg6 33. e5
Bxd3+ 34. Rxd3 Qxd3+ 35. Kxb2 Rf2+ 36. Kc1 Qc2# 0-1